<?xml version="1.0" encoding="UTF-8"?>
<collection xmlns="http://www.loc.gov/MARC21/slim">
    <record>
        <controlfield tag="001">99268</controlfield>
        <controlfield tag="005">20210218122748.0</controlfield>
        <datafield tag="024" ind1="7" ind2=" ">
            <subfield code="2">doi</subfield>
            <subfield code="a">10.7203/tirant.23.19174</subfield>
        </datafield>
        <datafield tag="024" ind1="8" ind2=" ">
            <subfield code="2">sideral</subfield>
            <subfield code="a">122338</subfield>
        </datafield>
        <datafield tag="037" ind1=" " ind2=" ">
            <subfield code="a">ART-2020-122338</subfield>
        </datafield>
        <datafield tag="041" ind1=" " ind2=" ">
            <subfield code="a">spa</subfield>
        </datafield>
        <datafield tag="100" ind1=" " ind2=" ">
            <subfield code="0">(orcid)0000-0003-2335-9430</subfield>
            <subfield code="a">Zoppi, F.</subfield>
            <subfield code="u">Universidad de Zaragoza</subfield>
        </datafield>
        <datafield tag="245" ind1=" " ind2=" ">
            <subfield code="a">Educación sentimental, humorismo y nuevos modelos femeninos: Plaerdemavida («Tirant»), Triola («Platir») y otras doncellas confidentes en libros de caballerías</subfield>
        </datafield>
        <datafield tag="260" ind1=" " ind2=" ">
            <subfield code="c">2020</subfield>
        </datafield>
        <datafield tag="506" ind1="0" ind2=" ">
            <subfield code="a">Access copy available to the general public</subfield>
            <subfield code="f">Unrestricted</subfield>
        </datafield>
        <datafield tag="520" ind1="3" ind2=" ">
            <subfield code="a">En el presente artículo se analiza un estereotipo femenino de los libros de caballerías, el de las doncellas confidentes, 
desde la perspectiva de la función didáctica que desempeñan en el ámbito sentimental y erótico respecto a sus amigas. Enfocando algunas figuras concretas, como Plaerdemavida en Tirant lo Blanc y Triola en Platir, se considera el
valor del humorismo en la asunción de un papel educativo que posibilita el establecimiento, por parte de estas mujeres, 
de un juego con el concepto de amor y de sexualidad. Dicho juego participa en la creación de un paradigma de
conducta femenina que se escapa de las normas convencionales para abrazar también costumbres potencialmente
transgresivas desde el punto de vista social.

This article explores a specific female stereotype from the chivalry books, the female confidante, friend and damsel of another young maiden; the main focus is the analysis of the didactic function performed by their interaction with these young ladies, especially in sentimental and erotic matters field with respect to their friends. Focusing on some specific characters, such as Plaerdemavida in Tirant lo Blanch and Triola in Platir, humor plays an important role in this educational purpose, since it establishes a game with traditional literary and social conventions on the concept of love and female sexuality and it allows a more free and transgressive take in the creation of a paradigm of female behavior.</subfield>
        </datafield>
        <datafield tag="536" ind1=" " ind2=" ">
            <subfield code="9">info:eu-repo/grantAgreement/EC/H2020/794868/EU/Comic Motifs in Romances of Chivalry of Spanish Golden Age/CoMoRoC</subfield>
            <subfield code="9">This project has received funding from the European Union’s Horizon 2020 research and innovation program under grant agreement No H2020 794868-CoMoRoC</subfield>
        </datafield>
        <datafield tag="540" ind1=" " ind2=" ">
            <subfield code="9">info:eu-repo/semantics/openAccess</subfield>
            <subfield code="a">by</subfield>
            <subfield code="u">http://creativecommons.org/licenses/by/3.0/es/</subfield>
        </datafield>
        <datafield tag="655" ind1=" " ind2="4">
            <subfield code="a">info:eu-repo/semantics/article</subfield>
            <subfield code="v">info:eu-repo/semantics/publishedVersion</subfield>
        </datafield>
        <datafield tag="710" ind1="2" ind2=" ">
            <subfield code="1">3013</subfield>
            <subfield code="2">583</subfield>
            <subfield code="a">Universidad de Zaragoza</subfield>
            <subfield code="b">Dpto. Lingüíst.y Liter.Hispán.</subfield>
            <subfield code="c">Área Literatura Española</subfield>
        </datafield>
        <datafield tag="773" ind1=" " ind2=" ">
            <subfield code="g">23 (2020), 203-222</subfield>
            <subfield code="p">Tirant (Valencia)</subfield>
            <subfield code="t">TIRANT</subfield>
            <subfield code="x">1579-7422</subfield>
        </datafield>
        <datafield tag="856" ind1="4" ind2=" ">
            <subfield code="s">219563</subfield>
            <subfield code="u">http://zaguan.unizar.es/record/99268/files/texto_completo.pdf</subfield>
            <subfield code="y">Versión publicada</subfield>
        </datafield>
        <datafield tag="856" ind1="4" ind2=" ">
            <subfield code="s">1581688</subfield>
            <subfield code="u">http://zaguan.unizar.es/record/99268/files/texto_completo.jpg?subformat=icon</subfield>
            <subfield code="x">icon</subfield>
            <subfield code="y">Versión publicada</subfield>
        </datafield>
        <datafield tag="909" ind1="C" ind2="O">
            <subfield code="o">oai:zaguan.unizar.es:99268</subfield>
            <subfield code="p">articulos</subfield>
            <subfield code="p">driver</subfield>
        </datafield>
        <datafield tag="951" ind1=" " ind2=" ">
            <subfield code="a">2021-02-18-11:36:05</subfield>
        </datafield>
        <datafield tag="980" ind1=" " ind2=" ">
            <subfield code="a">ARTICLE</subfield>
        </datafield>
    </record>

    
</collection>